书目信息 |
| 题名: |
铁云诗存
|
|
| 作者: | 刘鹗 著 ;刘蕙孙 标注 | |
| 分册: | ||
| 出版信息: | 济南 齐鲁书社 1980 |
|
| 页数: | 69页 | |
| 开本: | 21cm | |
| 丛书名: | ||
| 单 册: | ||
| 中图分类: | I222.752 | |
| 科图分类: | ||
| 主题词: | 古典诗歌--中国--清代--选集 | |
| 电子资源: | ||
| ISBN: | ||
| 000 | 00643nam0 2200241 45 | |
| 001 | 0180008488 | |
| 005 | 20060912091320.70 | |
| 010 | @dCNY0.31 | |
| 091 | @aCN@b10206.25 | |
| 100 | @a19950705d1980 emky0chiy0121 ea | |
| 101 | 0 | @achi |
| 102 | @aCN@b370000 | |
| 105 | @af z 000gy | |
| 200 | 10 | @a铁云诗存@Atie yun shi cun@f(清)刘鹗著@g刘蕙孙标注 |
| 210 | @a济南@c齐鲁书社@d1980 | |
| 215 | @a69页@c照片@d21cm | |
| 606 | @a古典诗歌@y中国@z清代@x选集 | |
| 690 | @aI222.752@v3 | |
| 701 | 0 | @a刘鹗@Aliu e@f清@4著 |
| 702 | 0 | @a刘蕙孙@Aliu hui sun@4标注 |
| 801 | 2 | @aCN@bNLC@c20060912 |
| 801 | 0 | @aCN@bTSSF |
| 905 | @a10447@dI222.752@e465 | |
| 铁云诗存/(清)刘鹗著/刘蕙孙标注.-济南:齐鲁书社,1980 |
| 69页:照片;21cm |
| ISBN :CNY0.31 |
| ● |
| 相关链接 |
|
|
|
|
正题名:铁云诗存
索取号:I222.752/465
 
预约/预借
| 序号 | 登录号 | 条形码 | 馆藏地/架位号 | 状态 | 备注 |
| 1 | 0474709 | 204747097 | 密集书库/ [索取号:I222.752/465] | 在馆 |